Cultura de la prevención en el lugar de trabajo: el papel de las reformas a la protección de los riesgos profesionales
Đã lưu trong:
| Nhiều tác giả của công ty: | , |
|---|---|
| Định dạng: | Sách |
| Ngôn ngữ: | Tiếng Tây Ban Nha |
| Được phát hành: |
Santiago, Chile
Corporación de Investigación, Estudio y Desarrollo de la Seguridad Social
2012
|
| Phiên bản: | Primera edición |
| Những chủ đề: | |
| Các nhãn: |
Thêm thẻ
Không có thẻ, Là người đầu tiên thẻ bản ghi này!
|
MARC
| LEADER | 00000cam a2200000 a 4500 | ||
|---|---|---|---|
| 001 | UCE6205 | ||
| 003 | CL-VaPUC | ||
| 005 | 20210615001440.0 | ||
| 008 | 150326e20121200cl |||||||||||||||||spa|d | ||
| 999 | |c 358586 |d 358584 | ||
| 020 | |a 9789567265671 | ||
| 040 | |c Pontificia Universidad Católica de Valparaíso | ||
| 082 | 0 | 4 | |a 344.83047 UNI 2012 |2 21 |
| 110 | 2 | |a Universidad Austral de Chile |e autor |9 578828 | |
| 245 | 1 | 0 | |a Cultura de la prevención en el lugar de trabajo: el papel de las reformas a la protección de los riesgos profesionales |
| 250 | |a Primera edición | ||
| 260 | 0 | 3 | |a Santiago, Chile |b Corporación de Investigación, Estudio y Desarrollo de la Seguridad Social |c 2012 |
| 300 | |a 95 páginas | ||
| 583 | |a last modification |c 20170803 01:39:48 |k Rodrigo Vera | ||
| 650 | 7 | |a DERECHO LABORAL |2 CL-VaPUC |9 15 | |
| 650 | 0 | |a Enfermedades profesionales |9 368084 | |
| 650 | 0 | |a Accidentes de trabajo |9 254901 | |
| 710 | 2 | |a Facultad de Ciencias Jurídicas y Sociales |e autor |9 578829 | |
| 942 | |c BK |2 ddc | ||
| 945 | |d 20150326 13:02:00 |a arojas | ||
| 952 | |0 0 |1 0 |2 ddc |3 erb |4 0 |6 344_830470000000000_UNI_2012 |7 0 |8 A |9 467401 |a BIBDER |b BIBDER |i 5142938 |o 344.83047 UNI 2012 |p 5142938 |r 2023-01-25 |t 1 |w 2019-11-23 |y BK |z Catalogado en:20150326 |k DER | ||
| 952 | |0 0 |1 0 |2 ddc |3 erb |4 0 |6 344_830470000000000_UNI_2012 |7 0 |8 A |9 467402 |a BIBDER |b BIBDER |i 5142946 |o 344.83047 UNI 2012 |p 5142946 |r 2023-01-25 |t 2 |w 2019-11-23 |y BK |z Catalogado en:20150326 |k DER | ||
| 952 | |0 0 |1 0 |2 ddc |3 erb |4 0 |6 344_830470000000000_UNI_2012 |7 0 |8 A |9 467403 |a BIBDER |b BIBDER |i 5142954 |o 344.83047 UNI 2012 |p 5142954 |r 2023-01-25 |t 3 |w 2019-11-23 |y BK |z Catalogado en:20150326 |k DER | ||
| 952 | |0 0 |1 0 |2 ddc |3 erb |4 0 |6 344_830470000000000_UNI_2012 |7 0 |8 A |9 467404 |a BIBDER |b BIBDER |i 5142962 |o 344.83047 UNI 2012 |p 5142962 |r 2023-01-25 |t 4 |w 2019-11-23 |y BK |z Catalogado en:20150326 |k DER | ||
| 952 | |0 0 |1 0 |2 ddc |3 erb |4 0 |6 344_830470000000000_UNI_2012 |7 0 |8 A |9 467405 |a BIBDER |b BIBDER |i 5459192 |o 344.83047 UNI 2012 |p 5459192 |r 2023-01-25 |t 5 |w 2019-11-23 |y BK |z Catalogado en:20180323 |k DER | ||
| 952 | |0 0 |1 0 |2 ddc |3 erb |4 0 |6 344_830470000000000_UNI_2012 |7 0 |8 A |9 467406 |a BIBDER |b BIBDER |i 5459184 |o 344.83047 UNI 2012 |p 5459184 |r 2023-01-25 |t 6 |w 2019-11-23 |y BK |z Catalogado en:20180323 |k DER | ||
| 952 | |0 0 |1 0 |2 ddc |3 erb |4 0 |6 344_830470000000000_UNI_2012 |7 0 |8 A |9 467407 |a BIBDER |b BIBDER |i 5459176 |o 344.83047 UNI 2012 |p 5459176 |r 2023-01-25 |t 7 |w 2019-11-23 |y BK |z Catalogado en:20180323 |k DER | ||